000 01551nam0a2200397 4500
001 RU\NLR\bibl\942471
005 20260409073318.0
010 _a5-353-02215-7
_bрус.
010 _a1-57990-364-9
_bамер.
_95000
021 _aRU
_b2006-13091
_9644
035 _a(nilc)RSL-KNO-002856700
035 _a(NLR Aleph) 000930628
090 _a157542
_c157542
100 _a20060403d2006 |||y0rusy50 ca
101 1 _arus
_ceng
102 _aRU
105 _aa |||||||||
106 _ar
200 1 _aГармония в доме. 40 способов улучшить фэн-шуй
_fДженис Итон Килби
_g[пер. с англ.: Е. Б. Махияновой]
210 _aМосква
_cРОСМЭН
_d2006
_eМ.
_gКрасный пролетарий
215 _a160 с.
_cил., портр.
_d26
300 _aНа обл. авт. не указан
320 _aПредм. указ.: с. 160
517 0 _a40 способов улучшить фэн-шуй
606 _8rus
_aФэн-шуй
_7ca
_3RU\NLR\auth\661259693
_92083627
610 0 _aРелигия -- Вневероисповедные формы религии -- Мантика. Гадания -- Геомантия -- Фэн-шуй
686 _aЭ391.225,0
_2rubbk
686 _aЮ3(5Кит)3
686 _aЮ969
700 1 _aКилби
_bД. И.
_gДженис Итон
_4070
801 0 _aRU
_bРКП
_c20060403
_grcr
801 1 _aRU
_bРГБ
_c20060403
801 2 _aRU
_bNLR
_c20060503
_grcr
942 _cBOOK
980 _aNB